000 00317nam a22001337a 4500
020 _a9789693510850
040 _cNust
082 _a891.4393
_bASH
100 _aAshfaq Ahmed
245 _aننگے پاؤں
260 _aLahore:
_bDastaan-E-Saraye,
_c1991.
650 _aننگے پاؤں
_9126053
942 _2ddc
_cBK
999 _c611780
_d611780